000 00396 a2200157 4500
999 _c482
_d482
008 221006b ||||| |||| 00| 0 eng d
020 _a9788120321984
082 0 0 _a681.2
_bP3141
100 _aPatranabis. D
245 _aSensors and Transducers /
_cby D. Patranabis
250 _a2nd ed.
260 _aNew Delhi:
_bPHI,
_c2015.
300 _axi, 335 p.
650 0 _aTransducers
942 _2ddc
_cBK